Widok standardowy
Widok MARC
Pozycja Topical Term
Liczba rekordów, w których użyto hasła: 1
001 - Numer kontrolny
- control field: 37614
003 - Identyfikator numeru kontrolnego
- control field: NUKAT
005 - Data i czas ostatniej modyfikacji
- control field: 20260306135328.0
008 - Dane kontrolne kodowane (40 znaków)
- fixed length control field: 960423 ||a|znnbabn |a ana |c
010 ## - Numer kontrolny Biblioteki Kongresu
- numer kontrolny LC: s 01304042
040 ## - Instytucja sporządzająca rekord
- inst. przygot. dane do rek. khw: LUBL 58/ES
- język haseł przedmiotowych/tezaurus: kaba
- inst. wprow. rek. khw: LUBL 58
- inst. modyf. rek. khw: WA U/AK
083 #4 - DEWEY DECIMAL CLASSIFICATION NUMBER
- pojed. symbol lub pocz. z zakr. symboli: 020
- określenie wyjaśniające: Nauki o informacji. Bibliologia
083 #4 - DEWEY DECIMAL CLASSIFICATION NUMBER
- pojed. symbol lub pocz. z zakr. symboli: 400
- określenie wyjaśniające: Języki
150 ## - Hasło - nazwa pospolita
- nazwa posp. lub nazwa geogr. na pocz.: Język polski
- określnik formy: słowniki niemieckie.
450 ## - Trop zob. - nazwa pospolita
- nazwa posp. lub nazwa geogr. na pocz.: Słowniki polsko-niemieckie.
670 ## - Źródło informacji
- źródło informacji: KABA